UBT Library

Jerusalem / (Record no. 1045)

000 -LEADER
fixed length control field 00910cam a2200325 i 4500
001 - CONTROL NUMBER
control field 62385
005 - DATE AND TIME OF LATEST TRANSACTION
control field 20150612111043.0
008 - FIXED-LENGTH DATA ELEMENTS--GENERAL INFORMATION
fixed length control field 780930s1976 ne a b 001 0 eng
010 ## - LIBRARY OF CONGRESS CONTROL NUMBER
LC control number 77480419
015 ## - NATIONAL BIBLIOGRAPHY NUMBER
National bibliography number Ne***
035 ## - SYSTEM CONTROL NUMBER
System control number (OCoLC)2295439
035 ## - SYSTEM CONTROL NUMBER
System control number (OCoLC)ocm02295439
035 ## - SYSTEM CONTROL NUMBER
System control number (CStRLIN)NYCG8142610-B
035 ## - SYSTEM CONTROL NUMBER
System control number (NNC)62385
043 ## - GEOGRAPHIC AREA CODE
Geographic area code a-is---
050 0# -
-- DS109
-- .T55
082 ## - DEWEY DECIMAL CLASSIFICATION NUMBER
Classification number 956.94/4
090 ## - LOCALLY ASSIGNED LC-TYPE CALL NUMBER (OCLC); LOCAL CALL NUMBER (OCLC)
Classification number (OCLC) (R) ; Classification number, CALL (RLIN) (NR) DS109
Local cutter number (OCLC) ; Book number/undivided call number, CALL (RLIN) .T55
100 1# - Rafti
Rafti Thubron, Colin,
100 1# - Rafti
-- 1939-
245 10 - TITLE STATEMENT
Title Jerusalem /
Statement of responsibility, etc by Colin Thubron and the editors of Time-Life Books ; photos. by Jay Maisel.
260 ## -
-- Amsterdam :
-- Time-Life Books,
-- c1976.
300 ## -
-- 200 p. :
-- ill. ;
-- 31 cm.
490 1# -
-- The Great cities
500 ## -
-- Includes index.
504 ## - BIBLIOGRAPHY, ETC. NOTE
Bibliography, etc Bibliography: p. 198.
651 #0 -
-- Jerusalem
-- Description and travel.
830 #0 -
-- Great cities.
942 ## - ADDED ENTRY ELEMENTS (KOHA)
Source of classification or shelving scheme
Item type Books

No items available.

UBT Library © 2015-2024. All rights reserved University Education for Business and Technology